| Tag |
First Indicator |
Second Indicator |
Subfields |
| LEADER |
00000cam a2200000 a 4500 |
| 001 |
in00000086262 |
| 005 |
20151008062627.0 |
| 008 |
770301s1972 ck b 00010 spam |
| 010 |
|
|
|a 74235641
|
| 035 |
|
|
|a (OCoLC)02769681
|
| 035 |
|
|
|9 AAK0620AM
|
| 040 |
|
|
|a DLC
|c GUA
|d TXA
|d UtOrBLW
|
| 049 |
|
|
|a TXAM
|c [1197091]
|
| 050 |
0 |
0 |
|a SB191.M2
|b A56
|
| 082 |
0 |
|
|a 633/.11/014
|
| 090 |
|
|
|a SB191 M2
|b A56 1973
|
| 100 |
1 |
|
|a Alba Robayo, Vicente.
|
| 245 |
1 |
0 |
|a Vocabulario de los cultivos de maiz y trigo en algunas localidades de Columbia /
|c por Vicente Alba Robayo.
|
| 264 |
|
1 |
|a Bogota :
|b Programa Nacional de Comunicacion de Masas,
|c 1972
|
| 264 |
|
3 |
|c 1973 printing
|
| 300 |
|
|
|a vi, 122 pages ;
|c 28 cm.
|
| 336 |
|
|
|a text
|b txt
|2 rdacontent
|
| 337 |
|
|
|a unmediated
|b n
|2 rdamedia
|
| 338 |
|
|
|a volume
|b nc
|2 rdacarrier
|
| 490 |
1 |
|
|a Programa Nacional de Comunicacion de Masas. Informe tecino ;
|v no. 001
|
| 504 |
|
|
|a Bibliography: page 5.
|
| 650 |
|
0 |
|a Corn
|x Terminology.
|
| 650 |
|
0 |
|a Wheat
|x Terminology.
|
| 650 |
|
0 |
|a Spanish language
|x Provincialisms
|z Colombia.
|
| 650 |
|
0 |
|a Spanish language
|v Glossaries, vocabularies, etc.
|
| 830 |
|
0 |
|a Informe tecnico (Programa Nacional de Communicacion de Masas) ;
|v no. 001.
|
| 999 |
|
|
|a MARS
|
| 999 |
f |
f |
|s d8d4a723-d6fe-340d-8110-b413a52c75f4
|i 55c123b9-ecb4-3241-a045-5f16e6f72a75
|t 0
|
| 952 |
f |
f |
|p ric
|a Texas A&M University
|b Rellis Campus
|c Joint Library Facility
|d Remote Storage
|t 0
|e SB191 M2 A56 1973
|h Library of Congress classification
|i unmediated -- volume
|m A14805955744
|
| 998 |
f |
f |
|a SB191 M2 A56 1973
|t 0
|l Remote Storage
|